Ginecología y obstetricia (Record no. 112558)

MARC details
000 -LEADER
campo de control de longitud fija 00722nam a2200193 4500
001 - NÚMERO DE CONTROL
campo de control 112558
003 - IDENTIFICADOR DE NÚMERO DE CONTROL
campo de control ES-MaACL
005 - FECHA Y HORA DE LA ÚLTIMA TRANSACCIÓN
campo de control 20230906185546.0
007 - CAMPO FIJO DE DESCRIPCIÓN FÍSICA--INFORMACIÓN GENERAL
campo de control de longitud fija t|
008 - DATOS DE LONGITUD FIJA--INFORMACIÓN GENERAL
campo de control de longitud fija 061121s1954 sp r ||||1| spa d
100 1# - ENTRADA PRINCIPAL--NOMBRE DE PERSONA
Nombre de persona Novak, Emil.
9 (RLIN) 86053
245 10 - MENCIÓN DEL TÍTULO
Título Ginecología y obstetricia
Resto del título : tratado anatomopatológico /
Mención de responsabilidad, etc. por Emil Novak; [traducción del inglés y notas por los doctores Manuel Martínez de Victoria Junquera y Baldomero Bueno López].
250 ## - MENCION DE EDICION
Mención de edición [1ª ed. española].
260 ## - PUBLICACIÓN, DISTRIBUCIÓN, ETC.
Lugar de publicación, distribución, etc. Madrid :
Nombre del editor, distribuidor, etc. Alhambra,
Fecha de publicación, distribución, etc. 1954.
300 ## - DESCRIPCIÓN FÍSICA
Extensión XVI, 614 p. :
Otras características físicas il. ;
Dimensiones 25 cm.
700 1# - ENTRADA AGREGADA--NOMBRE PERSONAL
Nombre de persona Martínez de Victoria Juguera, Manuel.
9 (RLIN) 144328
700 1# - ENTRADA AGREGADA--NOMBRE PERSONAL
Nombre de persona Bueno López, Baldomero.
9 (RLIN) 32400
852 ## - LOCALIZACIÓN
Ubicación ES-MaACL
Número de control de estantería C-8285
Sublocalización o colección R.36456
Holdings
Estatus retirado Estado de pérdida Estado de daño No para préstamo Biblioteca de origen Biblioteca actual Ubicación en estantería Fecha de adquisición Fuente de adquisición Total de préstamos Signatura topográfica completa Código de barras Visto por última vez Precio de reemplazo Tipo de ítem Koha
        Biblioteca del Ateneo de Madrid Biblioteca del Ateneo de Madrid Sala Palomar 17/01/2008     C-8285 1117410 23/02/2023 23/02/2023 Libro impreso